| 000 | 00657nam a22002055i 4500 | ||
|---|---|---|---|
| 001 | 161014 | ||
| 003 | ES-MaACL | ||
| 005 | 20250702193249.0 | ||
| 008 | 010315q18701900fr ab |||| | fre d | ||
| 040 |
_aCCPB | B _bspa _cCCPB | B |
||
| 100 | 1 |
_aOmega. _9130652 |
|
| 245 | 1 | 3 |
_aLa défense du territoire français / _cpar Oméga. |
| 260 |
_aParis : _bLibrairie Illustrée, _c[s.a.] |
||
| 300 |
_aVII, 276 p., 6 h. de map., [1] h. de map. pleg. ; _c18 cm. |
||
| 596 | 1 | _aEn prelim. consta 1870. | |
| 651 | 0 |
_aFrancia- _xDefensa nacional _9234140 |
|
| 752 |
_aFrancia - _dParís |
||
| 852 |
_aES-MaACL _jD-2072 _z-- Enc. hol. |
||
| 999 |
_c161014 _d161014 |
||